| 000 | 01638nam a2200397 a 4500 | ||
|---|---|---|---|
| 001 | ebr10476829 | ||
| 003 | CaPaEBR | ||
| 006 | m u | ||
| 007 | cr cn||||||||| | ||
| 008 | 060711s2006 nyu sb 001 0 eng d | ||
| 010 | _z 2006022893 | ||
| 020 | _z0875865283 | ||
| 020 | _z9780875865287 | ||
| 020 | _z0875865275 (trade paper : alk. paper) | ||
| 020 | _z9780875865270 (trade paper : alk. paper) | ||
| 020 | _z0875865291 (ebook) | ||
| 020 | _z9780875864037 (ebook) | ||
| 020 | _z9780875865294 (e-book) | ||
| 040 |
_aCaPaEBR _cCaPaEBR |
||
| 035 | _a(OCoLC)122260036 | ||
| 043 | _an-us--- | ||
| 050 | 1 | 4 |
_aKF384 _b.K83 2006eb |
| 082 | 0 | 4 |
_a347.73 _222 |
| 100 | 1 |
_aKubicek, Theodore L., _d1919- |
|
| 245 | 1 | 0 |
_aAdversarial justice _h[electronic resource] : _bAmerica's court system on trial / _cTheodore L. Kubicek. |
| 260 |
_aNew York : _bAlgora Pub., _cc2006. |
||
| 300 | _axii, 210 p. | ||
| 504 | _aIncludes bibliographical references (p. 203-205) and index. | ||
| 505 | 0 | _aThe premise -- Justice -- Adversarial system -- The legal profession -- Legal procedures -- The judges -- The juries -- Reform -- Recommendations. | |
| 533 |
_aElectronic reproduction. _bPalo Alto, Calif. : _cebrary, _d2013. _nAvailable via World Wide Web. _nAccess may be limited to ebrary affiliated libraries. |
||
| 650 | 0 |
_aAdversary system (Law) _zUnited States. |
|
| 650 | 0 |
_aJustice, Administration of _zUnited States. |
|
| 655 | 7 |
_aElectronic books. _2local |
|
| 710 | 2 | _aebrary, Inc. | |
| 856 | 4 | 0 |
_uhttp://site.ebrary.com/lib/rucke/Doc?id=10476829 _zAn electronic book accessible through the World Wide Web; click to view |
| 999 |
_c116637 _d116637 |
||